000 00869cam a22001934a 4500
005 20250605163959.0
008 250528s ||||||||||||||||||||||||d
035 _a15559
020 _a9602092424
040 _aGR-AtMCL
_bgre
_dGR-AtMCL
_eAACR2
245 1 _aΟ Βοηθός του Τεχνικού των P.C. / Δεύτερη Έκδοση
260 _bΚλειδάριθμος,
_c1994
300 _a832
520 _aΞεκίνημα, Μνήμη Ημιαγωγών, Εγκατάσταση Σκληρού Δίσκου, Οδηγοί Δισκέτας, Λογισμικό Εκτυπωτών, Μόντεμ και Σειριακές Διασυνδέσεις, Πληκτρολόγια, Οθόνες και Προσαρμογείς Οθόνης, Πολυμέσα, Ευρετήριο.
700 1 _aMinasi Mark
_91511
942 _cBK
999 _c1130
_d1130